British Overseas Territories - Statistics

General Stats
  • This quiz has been taken 186 times
  • The average score is 10 of 14
Answer Stats
Hint Answer % Correct
Mediterranean Gibraltar
89%
South Atlantic Falkland Islands
86%
Caribbean British Virgin Islands
82%
Caribbean Bermuda
81%
Caribbean Cayman Islands
74%
South Atlantic Saint Helena, Ascension and Tristan da Cunha
74%
Mediterranean Akrotiri and Dhekelia, Cyprus
72%
South Atlantic South Georgia and the South Sandwich Islands
72%
Caribbean Turks and Caicos
68%
Indian Ocean British Indian Ocean Territory
67%
Caribbean Anguilla
66%
Caribbean Montserrat
66%
Pacific Ocean Pitcairn Islands
66%
Antarctica British Antarctic Territory
61%
No matching quizzes found
Score Distribution
Percent of People with Each Score
Percentile by Number Answered
Your Score History
You have not taken this quiz